[Event "Dortmund Sparkassen op-B"]
[Site "Dortmund"]
[Date "2008.06.30"]
[Round "1"]
[White "Dolgopolyj, Vladimir"]
[Black "Neumann, Joerg"]
[Result "1-0"]
[WhiteElo "1880"]
[BlackElo "1570"]
[PlyCount "83"]
[EventDate "2008.06.30"]
[EventType "swiss"]
[EventRounds "9"]
[EventCountry "GER"]
[SourceTitle "EXT 2022"]
[Source "ChessBase"]
[SourceDate "2021.10.06"]
[SourceVersion "1"]
[SourceVersionDate "2021.10.06"]
[SourceQuality "1"]

1. e4 e5 2. Nf3 Nc6 3. d4 exd4 4. Bc4 Be7 5. c3 d6 6. cxd4 Bg4 7. Be3 Nf6 8. Nc3 0-0 9. 0-0 a6 10. h3 Bh5 11. Be2 h6 12. Qd2 Bxf3 13. Bxf3 Kh7 14. Rad1 Re8 15. Be2 Bf8 16. Bd3 g6 17. f4 Qd7 18. d5 Ne7 19. Bb1 Rad8 20. Bd4 Bg7 21. Rfe1 c6 22. Bb6 Rc8 23. dxc6 Rxc6 24. Bf2 Rd8 25. Bh4 Rc5 26. Bxf6 Bxf6 27. e5 Bh4 28. Re3 Nf5 29. Rd3 Be7 30. g4 Ng7 31. exd6 Bh4 32. Ne4 Rc4 33. Rd5 b5 34. b3 Qa7+ 35. Kg2 Rc6 36. Qd4 Rb8 37. Nf6+ Kh8 38. f5 Qb7 39. fxg6 Rxd6 40. gxf7 Bxf6 41. Qe4 Rxd5 42. Qh7# 1-0